| 000 | 00642nam a2200241Ia 4500 | ||
|---|---|---|---|
| 005 | 20250425162737.0 | ||
| 008 | 250425s9999 xx 000 0 und d | ||
| 020 | _a0471040037 | ||
| 041 | _aeng | ||
| 082 | _a658.1511 | ||
| 100 | _aMILLER, JOHN A | ||
| 245 | 0 | _aIMPLEMENTING ACTIVITY-BASED MANAGEMENT IN DAILY OPERATIONS | |
| 250 | _aS.E. | ||
| 260 |
_aEstados Unidos _bJOHN WILEY & SONS INC _c1996 |
||
| 260 | _aNEW YORK | ||
| 300 | _a245 | ||
| 500 | _aDONADO POR GUILLERMO AROSEMENA | ||
| 650 | _aCOSTOS BASADO EN ACTIVIDADES | ||
| 650 | _aGERENCIA | ||
| 710 | _aJOHN WILEY & SONS INC | ||
| 942 | _c01 | ||
| 010 | _a104498 | ||
| 999 |
_c235526 _d235526 |
||